| 000 | 00939nam a2200253Ia 4500 | ||
|---|---|---|---|
| 003 | GCL | ||
| 008 | 140319s9999 xx 000 0 ara d | ||
| 040 |
_aGCL / _cGCL |
||
| 082 | 0 | 4 |
_aق _b913.031 _bم د |
| 100 | 1 | _aمحمد فهمى عبدالوهاب | |
| 245 | 1 | 0 |
_aدراسات نظرية وعملية فى حقل الفنون الاثرية وطرق ومواد الترميم الحديثة / _cمحمد فهمى عبدالوهاب |
| 260 |
_a[S.N] : _bهيئة الاثار المصرية ، _c1978 |
||
| 300 |
_a717 ص ؛ _c30سم |
||
| 650 | 0 | 4 | _aالاثار الفرعونية |
| 650 | 0 | 4 | _aالفن المصرى القديم |
| 650 | 0 | 4 | _aالمساجد |
| 650 | 0 | 4 | _aعلم المصريات |
| 650 | 0 | 4 | _aالدولة القديمة |
| 650 | 0 | 4 | _aالدولة الوسطى |
| 650 | 0 | 4 | _aالدولة الحديثة |
| 650 | 0 | 4 | _aالهيروغليفية |
| 650 | 0 | 4 | _aالفن الاسلامى |
| 942 |
_2ddc _cBK |
||
| 999 |
_c30441 _d30441 |
||